书目信息 |
| 题名: |
思维风暴
|
|
| 作者: | 宋国文 主编 | |
| 分册: | ||
| 出版信息: | 北京 团结出版社 2018 |
|
| 页数: | 308页 | |
| 开本: | 24cm | |
| 丛书名: | ||
| 单 册: | ||
| 中图分类: | B804-49 | |
| 科图分类: | ||
| 主题词: | 思维方法--通俗读物 | |
| 电子资源: | ||
| ISBN: | 978-7-5126-5939-1 | |
| 000 | 00796nam0 2200229 450 | |
| 001 | 012001004227 | |
| 005 | 20140928162349.0 | |
| 010 | @a978-7-5126-5939-1@dCNY59.00 | |
| 100 | @a20180819d2018 em y0chiy50 ea | |
| 101 | 0 | @achi |
| 102 | @aCN@b110000 | |
| 105 | @ay z 000yy | |
| 106 | @ar | |
| 200 | 1 | @a思维风暴@9si wei feng bao@f宋国文主编 |
| 210 | @a北京@c团结出版社@d2018 | |
| 215 | @a308页@d24cm | |
| 330 | @a本书包括:改变思维,改变人生;创新思维——想到才能做到;发散思维——一个问题有多种答案;收敛思维从核心解开问题的症结;加减思维——解决问题的奥妙就在“加减”中;逆向思维——答案可能就在失误的另一面。 | |
| 606 | 0 | @a思维方法@j通俗读物 |
| 690 | @aB804-49@v5 | |
| 701 | 0 | @a宋国文@9song guo wen@4主编 |
| 801 | 0 | @aCN@b上海新华@c20180901 |
| 905 | @b1165836-40@dB804-49@e120@f5 | |
| 思维风暴/宋国文主编.-北京:团结出版社,2018 |
| 308页;24cm |
| ISBN 978-7-5126-5939-1:CNY59.00 |
| 本书包括:改变思维,改变人生;创新思维——想到才能做到;发散思维——一个问题有多种答案;收敛思维从核心解开问题的症结;加减思维——解决问题的奥妙就在“加减”中;逆向思维——答案可能就在失误的另一面。 |
| ● |
| 相关链接 |
|
|
|
|
正题名:思维风暴
索取号:B804-49/120
 
预约/预借
| 序号 | 登录号 | 条形码 | 馆藏地/架位号 | 状态 | 备注 |
| 1 | 1165836 | 211658366 | 第一样本阅览室/ [索取号:B804-49/120] | 在馆 | |
| 2 | 1165837 | 211658375 | 第一借阅区/ [索取号:B804-49/120] | 在馆 | |
| 3 | 1165838 | 211658384 | 第一借阅区/ [索取号:B804-49/120] | 在馆 | |
| 4 | 1165839 | 211658393 | 第一借阅区/ [索取号:B804-49/120] | 在馆 | |
| 5 | 1165840 | 211658400 | 第一借阅区/ [索取号:B804-49/120] | 在馆 |